Personal development for work and life / (Record no. 24707)
[ view plain ]
| 000 -LEADER | |
|---|---|
| fixed length control field | 00532nam a2200181 a 4500 |
| 005 - DATE AND TIME OF LATEST TRANSACTION | |
| control field | 20140310183535.0 |
| 008 - FIXED-LENGTH DATA ELEMENTS--GENERAL INFORMATION | |
| fixed length control field | 111115s19uu xx 00 eng d |
| 020 ## - INTERNATIONAL STANDARD BOOK NUMBER | |
| International Standard Book Number | 978-981-4319-87-4 |
| 100 ## - MAIN ENTRY--PERSONAL NAME | |
| Personal name | Masters, L. Ann |
| 245 ## - TITLE STATEMENT | |
| Title | Personal development for work and life / |
| Statement of responsibility, etc | L. Ann Masters, Harold R. Wallace. |
| 260 ## - PUBLICATION, DISTRIBUTION, ETC. (IMPRINT) | |
| Place of publication, distribution, etc | Singapore : |
| Name of publisher, distributor, etc | Cengage Learning Asia, |
| Date of publication, distribution, etc | 2011. |
| 300 ## - PHYSICAL DESCRIPTION | |
| Extent | 456 |
| 650 ## - SUBJECT ADDED ENTRY--TOPICAL TERM | |
| Topical term or geographic name as entry element | Vocational guidance |
| 650 ## - SUBJECT ADDED ENTRY--TOPICAL TERM | |
| Topical term or geographic name as entry element | Success |
| 650 ## - SUBJECT ADDED ENTRY--TOPICAL TERM | |
| Topical term or geographic name as entry element | Personality and occupation |
| 700 ## - ADDED ENTRY--PERSONAL NAME | |
| Personal name | Wallace, Harold R. |
| 942 ## - ADDED ENTRY ELEMENTS (KOHA) | |
| Koha item type | Books |
No items available.